Advanced Engineering Mathematics (Record no. 639)

MARC details
005 - DATE AND TIME OF LATEST TRANSACTION
control field 20250314141144.0
020 ## - INTERNATIONAL STANDARD BOOK NUMBER
International Standard Book Number 81-219-0345-9
082 ## - DEWEY DECIMAL CLASSIFICATION NUMBER
Classification number 510.246 DAS
100 ## - MAIN ENTRY--PERSONAL NAME
Author name DASS, H.K.
245 ## - TITLE STATEMENT
Title Advanced Engineering Mathematics
250 ## - EDITION STATEMENT
Edition statement 21st Ed.
260 ## - PUBLICATION, DISTRIBUTION, ETC.
Place of publication, distribution, etc. New Delhi - India
Name of publisher, distributor, etc. S. Chand & Company PVT. Ltd.
Date of publication, distribution, etc. 2013
300 ## - PHYSICAL DESCRIPTION
Extent xvi, 1358p., ill., tables
Other physical details Index
Dimensions 25cm.
856 ## - ELECTRONIC LOCATION AND ACCESS
Link text Access Online Book
Electronic name Advanced Engineering Mathematics
Path www.schandgroup.com
942 ## - ADDED ENTRY ELEMENTS (KOHA)
Source of classification or shelving scheme Dewey Decimal Classification
Koha item type Books
Holdings
Date last seen Total checkouts Full call number Barcode Price effective from Koha item type Lost status Source of classification or shelving scheme Damaged status Not for loan Withdrawn status Home library Current library Shelving location Date acquired
03/14/2025   510.246 DAS, L.M. 000000905 03/14/2025 Books   Dewey Decimal Classification       College of Business Education Main Library College of Business Education Main Library General Collection 03/14/2025
03/14/2025   510.246 DAS, L.M. 000000906 03/14/2025 Books   Dewey Decimal Classification       College of Business Education Main Library College of Business Education Main Library General Collection 03/14/2025
03/14/2025   510.246 DAS, L.M. 000000907 03/14/2025 Books   Dewey Decimal Classification       College of Business Education Main Library College of Business Education Main Library General Collection 03/14/2025